Statistics for Seznam francouzských panovníků

Click here to take the quiz!

General Stats

  • This quiz has been taken 75 times
  • The average score is 35 of 51

Answer Stats

DynastieKrál odKrál doJméno% Correct
Karlovci879882Ludvík III.
98%
Karlovci877879Ludvík II. Koktavý
98%
Karlovci936954Ludvík IV. Zámořský
98%
Kapetovci12261270Ludvík IX.
98%
Kapetovci11081137Ludvík VI.
98%
Kapetovci11371180Ludvík VII.
98%
Kapetovci12231226Ludvík VIII.
98%
Karlovci986987Ludvík V. Lenivý
98%
Kapetovci13141316Ludvík X.
98%
Kapetovci, větev z Valois14611483Ludvík XI.
98%
Kapetovci, větev z Valois-Orléans14981515Ludvík XII.
98%
Kapetovci, větev Bourbon16101643Ludvík XIII.
98%
Kapetovci, větev Bourbon16431715Ludvík XIV.
98%
Kapetovci, větev Bourbon17151774Ludvík XV.
98%
Kapetovci, větev Bourbon17741792Ludvík XVI.
98%
Kapetovci, větev Bourbon18141824Ludvík XVIII.
98%
Bonapartů18041815Napoleon I.
93%
Bonapartů18151815Napoleon II.
93%
Bonapartů18521870Napoleon III.
93%
Karlovci843877Karel II. Holý
87%
Karlovci898923Karel III. Prostý
87%
Karlovci884887Karel III. Tlustý
87%
Kapetovci13221328Karel IV.
87%
Kapetovci, větev z Valois-Angoulême15601574Karel IX.
87%
Kapetovci, větev z Valois13641380Karel V.
87%
Kapetovci, větev z Valois13801422Karel VI.
87%
Kapetovci, větev z Valois14221461Karel VII.
87%
Kapetovci, větev z Valois14831498Karel VIII.
87%
Kapetovci, větev Bourbon18241830Karel X.
87%
Kapetovci13161316Jan I.
61%
Kapetovci, větev z Valois13501364Jan II.
61%
Kapetovci10311060Jindřich I.
50%
Kapetovci, větev z Valois-Angoulême15471559Jindřich II.
50%
Kapetovci, větev z Valois-Angoulême15741589Jindřich III.
50%
Kapetovci, větev Bourbon15891610Jindřich IV.
50%
Kapetovci10601108Filip I.
43%
Kapetovci11801223Filip II. August
43%
Kapetovci12701285Filip III.
43%
Kapetovci12851314Filip IV.
43%
Kapetovci13161322Filip V.
43%
Kapetovci, větev z Valois13281350Filip VI.
43%
Kapetovci, větev z Valois-Angoulême15151547František I.
35%
Kapetovci, větev z Valois-Angoulême15591560František II.
35%
Kapetovci987996Hugo Kapet
30%
Kapetovci922923Robert I.
20%
Kapetovci9961031Robert II.
20%
Karlovci879884Karloman II.
13%
Kapetovci, větev Bourbon-Orléans18301848Ludvík Filip
13%
Kapetovci888898Odo Pařížský
13%
Kapetovci923936Rudolf Burgundský
13%
Karlovci954986Lothar I.
7%

Score Distribution

Percentile by Number Answered

Percent of People with Each Score

Your Score History

You have not taken this quiz